| Поле | Инд. | ПП | Название | Значение |
|---|---|---|---|---|
| Тип записи | m | |||
| Библиографический уровень | m | |||
| 001 | Контрольный номер | 08c19039b2de482fa9322629a1e7e302 | ||
| 005 | Дата корректировки | 20251225145544.4 | ||
| 008 | Кодируемые данные | 251222|||||||||ru |||||||||||||||||rus|| | ||
| 041 | 0_ | a | Код языка текста | rus |
| 084 | a | Индекс другой классификации/Индекс ББК | 81.2Англ-923.7 | |
| 203 | a | Вид содержания | Текст | |
| c | Тип средства | электронный | ||
| 245 | 10 | a | Заглавие | Английский язык |
| b | Продолж. заглавия | методические указания по развитию навыков устной и письменной речи по дисциплине "Деловой иностранный язык" для обучающихся старших курсов направления 19.03.01 "Биотехнология" очной формы обучения | ||
| c | Ответственность | Министерство науки и высшего образования Российской Федерации, Федеральное государственное автономное образовательное учреждение высшего образования "Мурманский арктический университет", Кафедра филологии, межкультурной коммуникации и журналистики ; составитель И. В. Смирнова | ||
| h | Физич. носитель | Электронный ресурс | ||
| 256 | a | Характеристики компьютерного файла | Электрон. текстовые дан. (1 файл : 919,95 Кб) | |
| 260 | a | Место издания | Мурманск | |
| b | Издательство | МАУ | ||
| c | Дата издания | 2025 | ||
| 500 | a | Примечание | Доступ из локальной сети Мурман. аркт. ун-та. - Загл. с экрана | |
| 500 | a | Примечание | URL: https://elib.mauniver.ru/2025/M_25_25.pdf | |
| 504 | a | Библиография | Библиогр.: с. 55 | |
| 583 | x | Служебное примечание | Биотехнология. ВПО | |
| z | Открытое примечание | 19.03.01 | ||
| 653 | 0_ | a | Ключевые слова | Биотехнология |
| a | Ключевые слова | Методические указания | ||
| a | Ключевые слова | Деловой иностранный язык | ||
| a | Ключевые слова | Труды преподавателей МАУ | ||
| a | Ключевые слова | Электронные версии | ||
| 700 | 12 | a | Другие авторы | Смирнова И. В. |
| e | Роль лиц | Составитель | ||
| 856 | 40 | u | URL | https://elib.mauniver.ru/2025/M_25_25.pdf |
| 901 | t | Тип документа | m |